000 00440nam a2200157 i 4500
001 40765
003 ES-MaACL
005 20230906160314.0
007 t|
008 030307s1969 sp ||||1| spa d
100 1 _aCardús Llanas, José.
_935218
245 1 0 _aTurismo Altoaragonés /
_cJosé Cardús Llanas.
260 _aZaragoza :
_bHeraldo de Aragón,
_c1969.
300 _aXI, 226 p. ;
_c24 cm.
852 _aES-MaACL
_jC-46692
_bR.70748
999 _c40765
_d40765